000 00882cam a22002652 4500
001 0000003829
005 20151217151935.0
008 070515s xx 000 0 eng d
020 _a0486659844 :
_cGBP 16.95
040 _aKABU
_cKABU
050 0 _aQC776
_b.B67 1989
100 1 _aBorn, Max.
_@0000154021
245 1 0 _aAtomic physics /
_cMax Born; revised by R. J. Blin-Stoyle and J. M. Radcliffe.
250 _a8th ed.
260 _aNew York :
_bDover Publications, Inc.,
_c1989.
300 _axiv, 495 p. ;
_c22 cm.
500 _aTranslation of Moderne Physik.
500 _aIncludes bibliographical references (p. 477-481) and index.
650 0 _aNuclear physics.
_@0000154022
700 1 _aBlin-Stoyle, Roger John.
_@0000154023
700 1 _aRadcliffe, J. M.
_@0000154024
908 _a070515
950 _@1
999 _c6551
_d6551